[Event "Oberliga Nord W 1516"]
[Site "Germany"]
[Date "2015.12.13"]
[Round "4.2"]
[White "Petzold, Golo"]
[Black "Meessen, Max"]
[Result "1/2-1/2"]
[WhiteElo "2265"]
[BlackElo "2203"]
[PlyCount "98"]
[EventDate "2015.09.20"]
[EventType "team-tourn"]
[EventRounds "9"]
[EventCountry "GER"]
[SourceTitle "CBM 170 Extra"]
[Source "ChessBase"]
[SourceDate "2016.02.25"]
[SourceVersion "1"]
[SourceVersionDate "2016.02.25"]
[SourceQuality "1"]
[WhiteTeam "Goettingen Tempo"]
[BlackTeam "Oldenburg Union"]
[WhiteTeamCountry "GER"]
[BlackTeamCountry "GER"]

1. d4 Nf6 2. c4 e6 3. Nf3 d5 4. Nc3 Be7 5. Bg5 h6 6. Bh4 0-0 7. e3 b6 8. Rc1 Bb7 9. Bxf6 Bxf6 10. cxd5 exd5 11. b4 c6 12. Be2 Qd6 13. Qb3 Re8 14. 0-0 Nd7 15. Rfd1 a5 16. b5 c5 17. dxc5 Nxc5 18. Qb1 Rad8 19. Nd4 Bxd4 20. exd4 Ne4 21. Bf3 Qf4 22. Qb2 Rc8 23. Ne2 Qg5 24. Rxc8 Rxc8 25. Rc1 Rxc1+ 26. Nxc1 Qd2 27. Qxd2 Nxd2 28. Ne2 Nb1 29. Kf1 Kf8 30. Ke1 Ke7 31. Kd1 Kd6 32. Kc1 Na3 33. Nc3 Nc4 34. h4 g5 35. hxg5 hxg5 36. g3 Ke6 37. Bg4+ f5 38. Be2 Nd6 39. Na4 Ne4 40. Nxb6 Nxf2 41. Na4 Kd6 42. Nc5 Bc8 43. Bf3 Ne4 44. Bxe4 dxe4 45. Kd2 Be6 46. a4 Bd5 47. Ke3 Kc7 48. Na6+ Kd6 49. Nc5 Kc7 1/2-1/2

[Event "BL2-Nord 1314"]
[Site "Germany"]
[Date "2014.04.06"]
[Round "9.4"]
[White "Langrock, Hannes"]
[Black "Petzold, Golo"]
[Result "1/2-1/2"]
[WhiteElo "2398"]
[BlackElo "2247"]
[PlyCount "59"]
[EventDate "2013.10.13"]
[EventType "team-tourn"]
[EventRounds "9"]
[EventCountry "GER"]
[SourceTitle "EXT 2015"]
[Source "ChessBase"]
[SourceDate "2014.11.20"]
[SourceVersion "1"]
[SourceVersionDate "2014.11.20"]
[SourceQuality "1"]
[WhiteTeam "Hamburger SK II"]
[BlackTeam "Goettingen"]
[WhiteTeamCountry "GER"]
[BlackTeamCountry "GER"]

1. e4 c6 2. d4 d5 3. exd5 cxd5 4. Bd3 Nc6 5. c3 Qc7 6. h3 Nf6 7. Ne2 e5 8. dxe5 Nxe5 9. Bf4 Bd6 10. 0-0 0-0 11. Bxe5 Bxe5 12. Nd2 Bd7 13. Nf3 Bd6 14. Ned4 a6 15. Re1 Rfe8 16. Qc2 g6 17. Rad1 Rad8 18. Qb1 Kg7 19. Bc2 Qc8 20. Rxe8 Rxe8 21. Re1 Rxe1+ 22. Qxe1 Qc7 23. Bb3 Qb8 24. Qd1 Qe8 25. Nc2 Qe4 26. Ne3 Bc6 27. Bc2 Qe7 28. Ng4 Nxg4 29. hxg4 h6 30. Kf1 1/2-1/2

[Event "BL2-Nord 1314"]
[Site "Germany"]
[Date "2014.03.16"]
[Round "8.4"]
[White "Petzold, Golo"]
[Black "Brodowski, Piotr"]
[Result "0-1"]
[WhiteElo "2247"]
[BlackElo "2429"]
[PlyCount "144"]
[EventDate "2013.10.13"]
[EventType "team-tourn"]
[EventRounds "9"]
[EventCountry "GER"]
[SourceTitle "EXT 2015"]
[Source "ChessBase"]
[SourceDate "2014.11.20"]
[SourceVersion "1"]
[SourceVersionDate "2014.11.20"]
[SourceQuality "1"]
[WhiteTeam "Goettingen"]
[BlackTeam "Zehlendorf"]
[WhiteTeamCountry "GER"]
[BlackTeamCountry "GER"]

1. d4 g6 2. Nf3 Bg7 3. e3 Nf6 4. b3 c5 5. Bb2 0-0 6. Be2 cxd4 7. Nxd4 Nc6 8. 0-0 d6 9. c4 a6 10. Nc3 Qa5 11. Nxc6 bxc6 12. Bf3 Bd7 13. Qd2 Rab8 14. Rfd1 Rfd8 15. Rac1 Qc7 16. Na4 c5 17. Bc3 Rdc8 18. Ba5 Qa7 19. h3 Bxa4 20. bxa4 Nd7 21. Rb1 Ne5 22. Qc2 Nxf3+ 23. gxf3 Rb7 24. Kg2 Rcb8 25. Rb3 Rxb3 26. axb3 Qd7 27. Rd5 Qb7 28. Rd3 Bf6 29. Qd1 h5 30. Bd2 h4 31. e4 Kg7 32. Qe2 Bd4 33. Kg1 e5 34. Bg5 Rh8 35. Kg2 f5 36. Bd2 Rf8 37. Be1 Qe7 38. Bd2 Qb7 39. Be1 Rf7 40. Kf1 Qe7 41. Bd2 Kg8 42. Kg2 Qf6 43. Kf1 fxe4 44. Qxe4 Qf5 45. Qxf5 gxf5 46. Bg5 Rh7 47. f4 e4 48. Rd1 Kf7 49. Ke2 Ke6 50. f3 Rb7 51. Rb1 d5 52. cxd5+ Kxd5 53. fxe4+ fxe4 54. Kd2 Ke6 55. Kc2 Kf5 56. Bxh4 Rh7 57. Be1 Rxh3 58. b4 c4 59. Rd1 Rd3 60. b5 axb5 61. axb5 Kxf4 62. Ba5 Ke3 63. b6 Rxd1 64. Kxd1 Kd3 65. b7 Be5 66. Bd2 e3 67. Be1 e2+ 68. Kc1 c3 69. Bf2 Bf4+ 70. Kb1 c2+ 71. Ka2 c1Q 72. b8Q Bxb8 0-1

[Event "BL2-Nord 1314"]
[Site "Germany"]
[Date "2013.12.15"]
[Round "4.4"]
[White "Gruenberg, Hans Ulrich"]
[Black "Petzold, Golo"]
[Result "1/2-1/2"]
[WhiteElo "2384"]
[BlackElo "2247"]
[PlyCount "43"]
[EventDate "2013.10.13"]
[EventType "team-tourn"]
[EventRounds "9"]
[EventCountry "GER"]
[SourceTitle "EXT 2015"]
[Source "ChessBase"]
[SourceDate "2014.11.20"]
[SourceVersion "1"]
[SourceVersionDate "2014.11.20"]
[SourceQuality "1"]
[WhiteTeam "Rostock"]
[BlackTeam "Goettingen"]
[WhiteTeamCountry "GER"]
[BlackTeamCountry "GER"]

1. d4 d5 2. c4 e6 3. Nc3 Nf6 4. Bg5 Be7 5. e3 h6 6. Bh4 0-0 7. Nf3 Ne4 8. Bxe7 Qxe7 9. Rc1 c6 10. Bd3 Nxc3 11. Rxc3 dxc4 12. Bxc4 Nd7 13. 0-0 b6 14. Bd3 c5 15. Bb5 Rd8 16. Bc6 Rb8 17. Qa4 cxd4 18. exd4 a5 19. Qb5 Nf6 20. Rfc1 Qa7 21. h3 Ba6 22. Qe5 1/2-1/2

[Event "Dresden ZMD op 22nd"]
[Site "Dresden"]
[Date "2013.08.13"]
[Round "4"]
[White "Mager, Denis"]
[Black "Petzold, Golo"]
[Result "1/2-1/2"]
[WhiteElo "2006"]
[BlackElo "2238"]
[PlyCount "174"]
[EventDate "2013.08.10"]
[EventType "swiss"]
[EventRounds "9"]
[EventCountry "GER"]
[SourceTitle "CBM 155 Extra"]
[Source "ChessBase"]
[SourceDate "2013.08.26"]
[SourceVersion "1"]
[SourceVersionDate "2013.08.26"]
[SourceQuality "1"]

1. c4 e6 2. Nc3 d5 3. d4 Nf6 4. cxd5 exd5 5. Bg5 c6 6. e3 Bf5 7. Bd3 Bxd3 8. Qxd3 Be7 9. Nf3 Nbd7 10. 0-0 0-0 11. Rab1 a5 12. Nd2 Re8 13. Rfe1 Nf8 14. Rbc1 Ne6 15. Bxf6 Bxf6 16. Na4 Be7 17. Nb3 Bd6 18. Rc2 Qh4 19. h3 Nf4 20. Qf5 Re6 21. Kf1 Rf6 22. Qg4 Qxg4 23. hxg4 Nd3 24. Ra1 Nb4 25. Re2 Rh6 26. Kg1 b5 27. Nac5 a4 28. Nc1 Bxc5 29. dxc5 Re6 30. a3 Na6 31. b4 axb3 32. Nxb3 Re4 33. Rc2 Rxg4 34. Nd4 Rg6 35. a4 b4 36. a5 h5 37. Ra4 Rb8 38. Rb2 Kf8 39. f3 Ke8 40. Kf1 Kd7 41. Nb3 Re8 42. Kf2 Rge6 43. Re2 g6 44. Raa2 Kc7 45. Rad2 R6e7 46. Rd4 Rb8 47. Rb2 Rb5 48. Rc2 g5 49. Rd1 h4 50. Ra1 Kb7 51. Ke2 Kc7 52. Kd3 Rb8 53. Rb1 Rbe8 54. Re2 f5 55. Rbb2 g4 56. Rb1 h3 57. fxg4 fxg4 58. gxh3 gxh3 59. Rh1 Rh7 60. Reh2 Reh8 61. Ke2 Rh4 62. Kf3 R8h7 63. Kg3 Re4 64. Rxh3 Rxe3+ 65. Kg4 Re4+ 66. Kf5 Rf7+ 67. Kg6 Ree7 68. Rh4 Rg7+ 69. Kf6 Kd7 70. R1h3 Ref7+ 71. Ke5 Re7+ 72. Kf6 Ref7+ 73. Ke5 Rg5+ 74. Kd4 Nc7 75. Ke3 Na6 76. Kd4 Rgf5 77. Ke3 Kc7 78. Kd4 Kb7 79. Rh7 Nc7 80. R3h6 Rf3 81. Rxf7 Rxf7 82. Ke5 Nb5 83. a6+ Kc7 84. Na5 Re7+ 85. Kf4 Na7 86. Kf5 d4 87. Rd6 Re1 1/2-1/2

[Event "Oberliga Nord W 1213"]
[Site "Germany"]
[Date "2012.11.25"]
[Round "3.5"]
[White "Petzold, Golo"]
[Black "Schulze, Torben"]
[Result "1/2-1/2"]
[WhiteElo "2233"]
[BlackElo "2309"]
[PlyCount "82"]
[EventDate "2012.10.14"]
[EventType "team-tourn"]
[EventRounds "9"]
[EventCountry "GER"]
[SourceTitle "EXT 2014"]
[Source "ChessBase"]
[SourceDate "2013.11.20"]
[SourceVersion "1"]
[SourceVersionDate "2013.11.20"]
[SourceQuality "1"]
[WhiteTeam "Goettingen Tempo"]
[BlackTeam "Hannover"]
[WhiteTeamCountry "GER"]
[BlackTeamCountry "GER"]

1. d4 d6 2. Nf3 g6 3. g3 b5 4. Bg2 Bb7 5. 0-0 Bg7 6. Qd3 a6 7. c4 c6 8. e4 Nf6 9. Re1 Nfd7 10. e5 dxe5 11. dxe5 Nc5 12. Qxd8+ Kxd8 13. Be3 Ne6 14. Nc3 Nd7 15. Rad1 Ke8 16. Nd4 Nxe5 17. Nxe6 fxe6 18. Bd4 b4 19. Bxe5 Bxe5 20. Rxe5 bxc3 21. bxc3 Kf7 22. Rde1 Rac8 23. Rxe6 Rc7 24. R6e4 Rd8 25. Rf4+ Ke8 26. Rd4 c5 27. Rxd8+ Kxd8 28. Bxb7 Rxb7 29. Re6 Rb1+ 30. Kg2 Rc1 31. Rxa6 Rxc3 32. Ra8+ Kd7 33. Rh8 Rxc4 34. Rxh7 Ra4 35. Rh6 c4 36. Kf3 c3 37. Ke3 Rxa2 38. Kd3 c2 39. Kd2 c1B+ 40. Kxc1 Rxf2 41. h4 g5 1/2-1/2

[Event "BL2-West 1112"]
[Site "Germany"]
[Date "2012.02.05"]
[Round "6.7"]
[White "Nazarenus, Moritz"]
[Black "Petzold, Golo"]
[Result "1-0"]
[WhiteElo "2229"]
[BlackElo "2203"]
[PlyCount "83"]
[EventDate "2011.10.02"]
[EventType "team-tourn"]
[EventRounds "9"]
[EventCountry "GER"]
[SourceTitle "EXT 2015"]
[Source "ChessBase"]
[SourceDate "2014.11.20"]
[SourceVersion "1"]
[SourceVersionDate "2014.11.20"]
[SourceQuality "1"]
[WhiteTeam "Schoeneck"]
[BlackTeam "Goettingen Tempo"]
[WhiteTeamCountry "GER"]
[BlackTeamCountry "GER"]

1. d4 d5 2. c4 e6 3. Nc3 Be7 4. Bf4 Nf6 5. Rc1 0-0 6. e3 Nbd7 7. cxd5 exd5 8. Bd3 c5 9. Nf3 b6 10. 0-0 Bb7 11. Ne5 Ne4 12. Nxd7 Qxd7 13. Bxe4 dxe4 14. dxc5 Qe6 15. cxb6 axb6 16. Qb3 Qxb3 17. axb3 Rfd8 18. Bc7 Rd2 19. Bxb6 Rxb2 20. Rb1 Rxb1 21. Rxb1 Bb4 22. Bd4 Rc8 23. Ne2 Ba6 24. Ng3 Bd3 25. Ra1 Bf8 26. h4 Rb8 27. Nh5 Be2 28. Nf4 Bg4 29. Rb1 Be7 30. Nd5 Bxh4 31. b4 Be6 32. Nc3 f5 33. b5 Rb7 34. b6 Bd8 35. Nb5 Bxb6 36. Nd6 Rc7 37. Rxb6 h5 38. Ne8 Rc1+ 39. Kh2 Bf7 40. Nxg7 f4 41. exf4 Rd1 42. Nf5 1-0

[Event "Niedersachsen-ch"]
[Site "Verden"]
[Date "2006.01.06"]
[Round "4"]
[White "Buchenau, Frank"]
[Black "Petzold, Golo"]
[Result "1-0"]
[WhiteElo "2344"]
[BlackElo "1985"]
[PlyCount "107"]
[EventDate "2006.01.??"]
[EventType "swiss"]
[EventRounds "7"]
[EventCountry "GER"]
[SourceTitle "CBM 110 Extra"]
[Source "ChessBase"]
[SourceDate "2006.03.10"]
[SourceVersion "2"]
[SourceVersionDate "2006.03.10"]
[SourceQuality "1"]

1. e4 c6 2. d4 d5 3. exd5 cxd5 4. Bd3 Nc6 5. c3 Nf6 6. Bf4 Bg4 7. Qb3 Qc8 8. Nd2 e6 9. Ngf3 Be7 10. 0-0 Bh5 11. Ne5 0-0 12. Bg5 Nd7 13. Bxe7 Nxe7 14. f4 Nxe5 15. fxe5 Bg6 16. Bxg6 Nxg6 17. Rf3 b5 18. a4 bxa4 19. Rxa4 Qc7 20. Qa3 Rfb8 21. b4 Nf8 22. Nb3 Nd7 23. Qa1 Rb7 24. Rg3 Qd8 25. Qb1 Rc7 26. Rh3 h6 27. Qc1 Qg5 28. Qxg5 hxg5 29. Rg3 f6 30. exf6 gxf6 31. h4 Kf7 32. hxg5 Rg8 33. Nc5 Nxc5 34. bxc5 Rxg5 35. Rxg5 fxg5 36. Kf2 Kf6 37. Kf3 Kf5 38. g4+ Kf6 39. c4 Rb7 40. cxd5 exd5 41. Ra6+ Ke7 42. Rd6 Rb3+ 43. Kf2 Rb2+ 44. Ke3 Rb3+ 45. Kd2 Rg3 46. Rxd5 Rxg4 47. c6 Rh4 48. Rd7+ Ke8 49. Kd3 g4 50. Rxa7 Kd8 51. Kc4 g3 52. Rg7 g2 53. Kd5 g1Q 54. Rxg1 1-0

[Event "Niedersachsen-ch"]
[Site "Verden"]
[Date "2006.01.05"]
[Round "1"]
[White "Petzold, Golo"]
[Black "Pfeifer, Frank"]
[Result "1-0"]
[WhiteElo "1985"]
[BlackElo "1661"]
[PlyCount "83"]
[EventDate "2006.01.??"]
[EventType "swiss"]
[EventRounds "7"]
[EventCountry "GER"]
[SourceTitle "CBM 110 Extra"]
[Source "ChessBase"]
[SourceDate "2006.03.10"]
[SourceVersion "2"]
[SourceVersionDate "2006.03.10"]
[SourceQuality "1"]

1. d4 Nf6 2. Nf3 g6 3. c4 Bg7 4. Nc3 d6 5. e4 0-0 6. Be2 c6 7. 0-0 Na6 8. a3 Nc7 9. Qc2 a5 10. b3 Bd7 11. Bb2 b5 12. Rfd1 b4 13. axb4 axb4 14. Na4 Na6 15. c5 Nc7 16. Nb6 Rb8 17. Ra4 d5 18. e5 Bf5 19. Bd3 Bxd3 20. Qxd3 Nd7 21. Nxd7 Qxd7 22. Bc1 Rb7 23. Bd2 Rfb8 24. Ne1 Qg4 25. f3 Qh4 26. Nc2 Ne6 27. Be1 Qh5 28. Bg3 Qg5 29. Qd2 Qxd2 30. Rxd2 h5 31. Rd1 Kh7 32. Kf1 Bh6 33. Be1 Bf4 34. g3 Bxe5 35. dxe5 Nxc5 36. Rxb4 Nxb3 37. Rxb7 Rxb7 38. Nb4 Rb6 39. Rd3 Nc5 40. Ra3 Nd7 41. Ra7 Rxb4 42. Rxd7 1-0

[Event "Niedersachsen-ch U18"]
[Site "Borkum"]
[Date "2004.04.08"]
[Round "8"]
[White "Petzold, Golo"]
[Black "Hoolt, Sarah"]
[Result "1/2-1/2"]
[WhiteElo "1877"]
[BlackElo "1921"]
[PlyCount "68"]
[EventDate "2004.04.??"]
[EventType "swiss"]
[EventRounds "9"]
[EventCountry "GER"]
[SourceTitle "EXT 2005"]
[Source "ChessBase"]
[SourceDate "2004.11.15"]
[SourceVersion "1"]
[SourceVersionDate "2004.11.15"]
[SourceQuality "1"]

1. d4 Nf6 2. c4 g6 3. g3 Bg7 4. Bg2 d5 5. cxd5 Nxd5 6. Nf3 0-0 7. 0-0 Nd7 8. e4 N5b6 9. Nc3 c5 10. d5 Ne5 11. Nxe5 Bxe5 12. Be3 Nc4 13. Bh6 Re8 14. Qb3 Nd6 15. Be3 Bd4 16. Rfe1 e5 17. dxe6 Bxe6 18. Nd5 c4 19. Qc2 Bxe3 20. Nxe3 Qc7 21. Rad1 Rad8 22. Nd5 Bxd5 23. Rxd5 a6 24. Red1 Nb5 25. Rxd8 Rxd8 26. Rxd8+ Qxd8 27. Qxc4 Qd1+ 28. Bf1 Nd4 29. Qc8+ Kg7 30. Qxb7 Ne2+ 31. Kg2 Nf4+ 32. gxf4 Qg4+ 33. Kh1 Qf3+ 34. Kg1 Qg4+ 1/2-1/2

[Event "Niedersachsen-ch U18"]
[Site "Borkum"]
[Date "2004.04.04"]
[Round "2"]
[White "Petzold, Golo"]
[Black "Drache, Georg Marcus"]
[Result "1/2-1/2"]
[WhiteElo "1877"]
[BlackElo "1765"]
[PlyCount "129"]
[EventDate "2004.04.??"]
[EventType "swiss"]
[EventRounds "9"]
[EventCountry "GER"]
[SourceTitle "EXT 2005"]
[Source "ChessBase"]
[SourceDate "2004.11.15"]
[SourceVersion "1"]
[SourceVersionDate "2004.11.15"]
[SourceQuality "1"]

1. d4 f5 2. g3 Nf6 3. Bg2 g6 4. Nf3 Bg7 5. 0-0 0-0 6. c4 d6 7. Nc3 Qe8 8. d5 a5 9. Nd4 Na6 10. Ne6 Bxe6 11. dxe6 c6 12. e4 fxe4 13. Nxe4 Nxe4 14. Bxe4 Nc5 15. Bg2 Nxe6 16. Be3 Nc7 17. Qb3 Qc8 18. Rad1 a4 19. Qc2 a3 20. b4 Rd8 21. Rfe1 Bf6 22. h4 Qg4 23. Bb6 Qd7 24. Kh2 e5 25. Bh3 Qf7 26. h5 Kg7 27. b5 c5 28. Bg2 Qe7 29. Bxb7 Rab8 30. Bxc7 Qxc7 31. Bd5 Rf8 32. Re3 gxh5 33. Rxa3 Kh8 34. Qe2 h4 35. Qe4 hxg3+ 36. fxg3 Qg7 37. Kg2 Bg5 38. Rh1 Rf6 39. Rf1 Rxf1 40. Kxf1 Rf8+ 41. Rf3 Rxf3+ 42. Qxf3 Qf6 43. Qxf6+ Bxf6 44. Ke2 Kg7 45. Kd3 Bd8 46. Ke4 Kf6 47. Bb7 Ke7 48. Kd5 Kd7 49. Ke4 Kc7 50. Bd5 Bg5 51. Kf5 h6 52. Ke6 Bd2 53. Be4 Be1 54. g4 Bd2 55. Kf5 Be3 56. a4 Bd2 57. Kf6 Bg5+ 58. Kg6 Kb6 59. Kf7 Bd2 60. Bd5 Kc7 61. Ke6 Be1 62. b6+ Kxb6 63. Kxd6 Bc3 64. a5+ Bxa5 65. Kxe5 1/2-1/2